| 000 | 00750aam a2200241 4500 | ||
|---|---|---|---|
| 005 | 20161101121658.0 | ||
| 008 | 150303b xxu||||| |||| 00| 0 spa d | ||
| 041 | _aEspañol | ||
| 082 | _a364.106 C352de | ||
| 100 |
_aCastillo González, Teo _929757 |
||
| 245 | _aEl delito de legitimación de capitales | ||
| 260 |
_aCosta Rica _bJurídica Continental _c2012 |
||
| 300 | _a164 páginas | ||
| 650 |
_aNARCOTRAFICO _9124 |
||
| 650 |
_aLAVADO DE DINERO _9120 |
||
| 650 |
_aLEGITIMACIÓN DE CAPITALES _929758 |
||
| 650 |
_aDELITOS CONTRA EL ORDEN ECONÓMICO _929759 |
||
| 650 |
_aDERECHO PENAL _929801 |
||
| 650 |
_aLEY DE PSICOTRÓPICOS _929761 |
||
| 650 |
_aLEY DE ANTICORRUPCIÓN _929762 |
||
| 650 |
_aDEFRAUDACIÓN FISCAL _929763 |
||
| 942 | _cBK | ||
| 999 |
_c3582 _d3582 |
||